[Event "American Continental 16th"]
[Site "San Salvador"]
[Date "2022.05.02"]
[Round "1"]
[White "Fernandez, Denis"]
[Black "Barrera Meza, Carlos"]
[Result "0-1"]
[WhiteElo "1605"]
[BlackElo "2143"]
[PlyCount "48"]
[EventDate "2022.05.02"]
[EventType "swiss"]
[EventRounds "11"]
[EventCountry "ESA"]
[SourceTitle "CBM 208 Extra"]
[Source "ChessBase"]
[SourceDate "2022.07.31"]
[SourceVersion "1"]
[SourceVersionDate "2022.07.31"]
[SourceQuality "1"]

1. e4 e5 2. Nf3 Nc6 3. Bb5 f5 4. exf5 e4 5. Bxc6 dxc6 6. Qe2 Qe7 7. Nd4 Qe5 8. Ne6 Bxe6 9. fxe6 Bd6 10. Nc3 Nf6 11. d3 exd3 12. cxd3 0-0-0 13. f4 Qf5 14. Bd2 Rhe8 15. 0-0-0 Rxe6 16. Qf2 Bc5 17. Qf1 Rxd3 18. Na4 Rxd2 19. Kxd2 Rd6+ 20. Kc3 Ne4+ 21. Kb3 b5 22. Nc3 Nd2+ 23. Rxd2 Rxd2 24. Qc1 Qe6+ 0-1